A finommechanikai gyár és konfekció üzem létesítése csökkenteni fogja a szegedi munkanélküliséget miniszteri küldöttek Szegeden

Elmentve itt :
Bibliográfiai részletek
Dokumentumtípus: Cikk
Megjelent: 1948-08-31
Sorozat:Délmagyarország
Kulcsszavak:Munkanélküliség Szeged 1948, Tervezett beruházások Szeged 1948, Iparosítás Szeged 1948
Online Access:http://dmarchiv.bibl.u-szeged.hu/52074
LEADER 00581nab a2200145 i 4500
001 delm52074
005 20180927141944.0
008 180927s1948 hu o 0|| hun d
040 |a SZTE Délmagyarország Archívum  |b hun 
041 |a hun 
245 0 2 |a A finommechanikai gyár és konfekció üzem létesítése csökkenteni fogja a szegedi munkanélküliséget   |h [elektronikus dokumentum] :  |b miniszteri küldöttek Szegeden 
260 |c 1948-08-31 
300 |a 1 
490 0 |a Délmagyarország 
695 |a Munkanélküliség Szeged 1948, Tervezett beruházások Szeged 1948, Iparosítás Szeged 1948